Practical thermodynamic tools for heat exchanger design engineers /

Bibliographic Details
Main Author: Soumerai, Henri
Format: Book
Language:English
Published: New York : Wiley, [1987]
Subjects:

MARC

Tag First Indicator Second Indicator Subfields
LEADER 00000cam a2200000 a 4500
001 in00000013585
005 20151007052517.0
008 870105s1987 nyua b 00110 eng
010 |a  86034028  
020 |a 0471818542 
035 |a (OCoLC)15108639 
035 |9 AAA8076AM 
040 |a DLC  |c DLC  |d TXA  |d UtOrBLW 
049 |a TXAM  |c [A11035853] 
050 0 0 |a TJ263  |b .S62 1987 
082 0 |a 621.402/5  |2 19 
100 1 |a Soumerai, Henri. 
245 1 0 |a Practical thermodynamic tools for heat exchanger design engineers /  |c Henri Soumerai. 
264 1 |a New York :  |b Wiley,  |c [1987] 
264 4 |c ©1987 
300 |a xxxvi, 487 pages :  |b illustrations ;  |c 25 cm. 
336 |a text  |b txt  |2 rdacontent 
337 |a unmediated  |b n  |2 rdamedia 
338 |a volume  |b nc  |2 rdacarrier 
500 |a "A Wiley-Interscience publication." 
504 |a Bibliography: pages 456-476. 
500 |a Includes index. 
650 0 |a Heat exchangers  |x Design and construction. 
650 0 |a Thermodynamics. 
999 |a MARS 
999 f f |s 0918bd0d-b38a-3baf-9e55-6fd059b91a7e  |i 3499834e-1c56-30b2-a81a-c4c2824dc1c7  |t 0 
952 f f |p ric  |a Texas A&M University  |b Rellis Campus  |c Joint Library Facility  |d Remote Storage  |t 0  |e TJ263 .S62 1987  |h Library of Congress classification  |i unmediated -- volume  |m A14811035853 
998 f f |a TJ263 .S62 1987  |t 0  |l Remote Storage